[Event "Titled Tuesday intern op 06th Jun Early"]
[Site "Chess.com INT"]
[Date "2023.06.06"]
[Round "7"]
[White "Serban, Cristian Stefan"]
[Black "Marichal Gonzalez, Ariel"]
[Result "1-0"]
[WhiteElo "2214"]
[BlackElo "2267"]
[PlyCount "71"]
[EventDate "2023.06.06"]
[EventType "swiss (blitz)"]
[EventRounds "11"]
[EventCountry "USA"]
[SourceTitle "EXT 2024"]
[Source "ChessBase"]
[SourceDate "2023.10.10"]
[SourceVersion "1"]
[SourceVersionDate "2023.10.10"]
[SourceQuality "1"]

1. Nf3 Nf6 2. b3 d5 3. Bb2 c5 4. e3 Nc6 5. c4 d4 6. exd4 cxd4 7. d3 e5 8. g3 a5 9. a3 Bd6 10. Bg2 0-0 11. 0-0 Re8 12. Nbd2 h6 13. Re1 Bf5 14. Qc2 Qd7 15. Nh4 Bh3 16. Ne4 Be7 17. Nf3 Nxe4 18. Rxe4 Bf5 19. Re2 Bf6 20. Nd2 Rac8 21. Ne4 Be7 22. Rae1 Bh3 23. Bh1 f5 24. Nd2 Bc5 25. Bd5+ Kh8 26. Nf3 Bg4 27. Nxe5 Nxe5 28. Rxe5 Rxe5 29. Rxe5 Re8 30. Rxe8+ Qxe8 31. Qd2 Qe7 32. Kg2 b6 33. h3 Bh5 34. Qf4 Bg6 35. Bxd4 Bxa3 36. Qb8+ 1-0

[Event "Titled Tuesday intern op 06th Sep Late"]
[Site "Chess.com INT"]
[Date "2022.09.06"]
[Round "6"]
[White "Ovchinnikov, Vsevolod"]
[Black "Marichal Gonzalez, Ariel"]
[Result "1-0"]
[WhiteElo "2426"]
[BlackElo "2267"]
[PlyCount "43"]
[EventDate "2022.09.06"]
[EventType "swiss (blitz)"]
[EventRounds "11"]
[EventCountry "USA"]
[SourceTitle "EXT 2023"]
[Source "ChessBase"]
[SourceDate "2022.10.05"]
[SourceVersion "1"]
[SourceVersionDate "2022.10.05"]
[SourceQuality "1"]

1. d4 Nf6 2. c4 g6 3. Nc3 Bg7 4. e4 0-0 5. Nf3 d6 6. h3 e5 7. d5 Nfd7 8. g4 Na6 9. Be3 Ndc5 10. Rg1 c6 11. a3 cxd5 12. cxd5 f5 13. gxf5 gxf5 14. Bh6 Rf7 15. Ng5 Rc7 16. Qh5 Qf8 17. Nb5 Rd7 18. b4 Nxe4 19. Ne6 Nf6 20. Qh4 Qf7 21. Rxg7+ Qxg7 22. Bxg7 1-0

[Event "Titled Tuesday intern op 06th Sep Late"]
[Site "Chess.com INT"]
[Date "2022.09.06"]
[Round "11"]
[White "Przybylski, Wojciech"]
[Black "Marichal Gonzalez, Ariel"]
[Result "1-0"]
[WhiteElo "2321"]
[BlackElo "2267"]
[PlyCount "143"]
[EventDate "2022.09.06"]
[EventType "swiss (blitz)"]
[EventRounds "11"]
[EventCountry "USA"]
[SourceTitle "EXT 2023"]
[Source "ChessBase"]
[SourceDate "2022.10.05"]
[SourceVersion "1"]
[SourceVersionDate "2022.10.05"]
[SourceQuality "1"]

1. e4 c5 2. Nf3 Nc6 3. d4 cxd4 4. Nxd4 Nf6 5. Nc3 e5 6. Ndb5 d6 7. Bg5 a6 8. Na3 b5 9. Nd5 Be7 10. Bxf6 Bxf6 11. c3 Bg5 12. Nc2 Ne7 13. Nxe7 Qxe7 14. h4 Bh6 15. a4 bxa4 16. Bc4 0-0 17. g4 Bf4 18. g5 Kh8 19. Nb4 a5 20. Nd5 Qa7 21. Rxa4 Bd7 22. Ra2 Qc5 23. Qe2 Rab8 24. b3 Be6 25. 0-0 Bxd5 26. exd5 f6 27. g6 f5 28. Qh5 Bh6 29. Rfa1 hxg6 30. Qxg6 Ra8 31. Qh5 e4 32. Kh1 a4 33. Qe2 e3 34. fxe3 Bxe3 35. b4 Qc7 36. Bd3 Rae8 37. c4 Qe7 38. Qh5+ Bh6 39. Re2 Qd7 40. Rae1 Rxe2 41. Rxe2 f4 42. Qg6 Qh3+ 43. Kg1 Qg3+ 44. Qxg3 fxg3 45. c5 Rb8 46. c6 Rf8 47. Ba6 g2 48. c7 Rf1+ 49. Kxg2 Rc1 50. Re8+ Kh7 51. c8R Rxc8 52. Rxc8 g5 53. Bd3+ Kg7 54. hxg5 Bxg5 55. Kf3 Kf6 56. Ke4 Bh4 57. Ra8 Bg3 58. Rxa4 Ke7 59. Ra7+ Kd8 60. Bb5 Kc8 61. Kf5 Be5 62. Rd7 Kb8 63. Ke6 Kc8 64. Rxd6 Bg3 65. Rd7 Kb8 66. d6 Ka8 67. Ba4 Kb8 68. Rg7 Bxd6 69. Kxd6 Ka8 70. Kc6 Kb8 71. Bb5 Kc8 72. Rg8# 1-0

[Event "VEN-ch"]
[Site "Guatire"]
[Date "2020.01.27"]
[Round "4"]
[White "Huerta Escobar, Bruce"]
[Black "Marichal Gonzalez, Ariel"]
[Result "1/2-1/2"]
[WhiteElo "2078"]
[BlackElo "2317"]
[PlyCount "110"]
[EventDate "2020.01.25"]
[EventType "tourn"]
[EventRounds "9"]
[EventCountry "VEN"]
[EventCategory "1"]
[SourceTitle "CBM 194 Extra"]
[Source "ChessBase"]
[SourceDate "2020.03.31"]
[SourceVersion "1"]
[SourceVersionDate "2020.03.31"]
[SourceQuality "1"]

1. d4 Nf6 2. c4 g6 3. Nc3 d5 4. Bf4 Bg7 5. e3 0-0 6. Nf3 c5 7. cxd5 cxd4 8. Qxd4 Nxd5 9. Be5 Nc6 10. Qxd5 Nxe5 11. Nxe5 Qxd5 12. Nxd5 Bxe5 13. Nxe7+ Kg7 14. Nxc8 Raxc8 15. Bd3 Bxb2 16. Rb1 b6 17. Ke2 Ba3 18. Rb3 Bc5 19. Rd1 a5 20. g3 h5 21. h4 a4 22. Rbb1 a3 23. Ba6 Rc7 24. Rbc1 Ra8 25. Bc4 Be7 26. Bd5 Rac8 27. Rxc7 Rxc7 28. Bb3 b5 29. Rd5 b4 30. Kd2 Bf6 31. Ke2 Be7 32. Kd2 f6 33. Ke2 g5 34. Kd2 Rc3 35. Rd7 Kf8 36. Rd3 gxh4 37. Rxc3 bxc3+ 38. Kxc3 hxg3 39. fxg3 Kg7 40. Kd4 Bd6 41. Ke4 Bxg3 42. Kf5 h4 43. Kg4 Kf8 44. e4 Ke7 45. Bg8 Kd6 46. Bh7 Ke5 47. Bf5 Kd4 48. Bh7 Ke3 49. Bf5 Kf2 50. Kh3 Kf3 51. Bh7 Kf4 52. Bg6 Kg5 53. Bh7 Kh5 54. Bf5 Kh6 55. Kg4 Be1 1/2-1/2

[Event "VEN-ch"]
[Site "Guatire"]
[Date "2020.01.25"]
[Round "2"]
[White "Palencia Morales, Wilson Guillermo"]
[Black "Marichal Gonzalez, Ariel"]
[Result "1-0"]
[WhiteElo "2336"]
[BlackElo "2317"]
[PlyCount "55"]
[EventDate "2020.01.25"]
[EventType "tourn"]
[EventRounds "9"]
[EventCountry "VEN"]
[EventCategory "1"]
[SourceTitle "CBM 194 Extra"]
[Source "ChessBase"]
[SourceDate "2020.03.31"]
[SourceVersion "1"]
[SourceVersionDate "2020.03.31"]
[SourceQuality "1"]

1. d4 Nf6 2. Nf3 g6 3. c4 Bg7 4. Nc3 d5 5. cxd5 Nxd5 6. g3 0-0 7. Bg2 c5 8. 0-0 cxd4 9. Nxd4 Nxc3 10. bxc3 Qa5 11. Qb3 Na6 12. Qa3 Qc7 13. Be3 Re8 14. Rab1 Bf8 15. Nb5 Qc4 16. Nxa7 e5 17. Qb3 Qxe2 18. Nxc8 Raxc8 19. Bxb7 Nc5 20. Bxc5 Rxc5 21. Bd5 Re7 22. c4 Ra5 23. Rb2 Qh5 24. Qb6 Rea7 25. Qd8 Kg7 26. Rb8 Bc5 27. Rc8 Qf5 28. Qh8+ 1-0

[Event "Porlamar Margarita"]
[Site "Porlamar"]
[Date "2018.03.10"]
[Round "6"]
[White "De Los Santos, Jennibet"]
[Black "Marichal Gonzalez, Ariel"]
[Result "0-1"]
[WhiteElo "1907"]
[BlackElo "2317"]
[PlyCount "98"]
[EventDate "2018.03.07"]
[EventType "tourn"]
[EventRounds "9"]
[EventCountry "VEN"]
[SourceTitle "EXT 2019"]
[Source "ChessBase"]
[SourceDate "2018.10.10"]
[SourceVersion "1"]
[SourceVersionDate "2018.10.10"]
[SourceQuality "1"]

1. e4 c5 2. Nf3 d6 3. c3 Nf6 4. e5 dxe5 5. Nxe5 Qd5 6. d4 Nbd7 7. Qa4 e6 8. Be3 Be7 9. Nd2 cxd4 10. Bxd4 0-0 11. Nef3 b6 12. Bc4 Qh5 13. 0-0-0 Nc5 14. Qc2 Bb7 15. Rde1 Rac8 16. Be2 Qd5 17. Kb1 Rfd8 18. Bc4 Qh5 19. Re5 Qg6 20. Qxg6 hxg6 21. Rhe1 Nce4 22. Bf1 Nxd2+ 23. Nxd2 Ng4 24. R5e2 Nxh2 25. Be5 Ng4 26. Nb3 Rd7 27. Bg3 Rcd8 28. Kc2 Nh6 29. Rd2 Nf5 30. Rxd7 Rxd7 31. Bb8 Bc6 32. Rd1 Bd6 33. Bxd6 Rxd6 34. Rxd6 Nxd6 35. Nd4 Be4+ 36. Kc1 e5 37. Nc2 Bxc2 38. Kxc2 f5 39. c4 Ne4 40. b4 Kf8 41. Be2 Nxf2 42. a4 Ke7 43. c5 bxc5 44. bxc5 Ne4 45. c6 Kd6 46. Bb5 Nc5 47. a5 Ne6 48. Kd3 Nd4 49. Kc4 Nxc6 0-1

[Event "Porlamar Margarita"]
[Site "Porlamar"]
[Date "2018.03.10"]
[Round "7"]
[White "Marichal Gonzalez, Ariel"]
[Black "Descarrega Zacarias, Vanessa"]
[Result "1-0"]
[WhiteElo "2317"]
[BlackElo "1939"]
[PlyCount "89"]
[EventDate "2018.03.07"]
[EventType "tourn"]
[EventRounds "9"]
[EventCountry "VEN"]
[SourceTitle "EXT 2019"]
[Source "ChessBase"]
[SourceDate "2018.10.10"]
[SourceVersion "1"]
[SourceVersionDate "2018.10.10"]
[SourceQuality "1"]

1. d4 d5 2. c4 c6 3. Nf3 Nf6 4. e3 e6 5. b3 Be7 6. Bb2 Nbd7 7. Nbd2 b6 8. Bd3 Bb7 9. 0-0 0-0 10. Ne5 c5 11. f4 Ne4 12. cxd5 exd5 13. Nxe4 dxe4 14. Bb5 Nxe5 15. dxe5 Qxd1 16. Raxd1 Rad8 17. Bd7 Ba6 18. Rf2 Bd3 19. e6 Kh8 20. Be5 fxe6 21. Bxe6 b5 22. Rc1 c4 23. Bd4 Rxd4 24. exd4 e3 25. Rf3 Ba3 26. Re1 e2 27. bxc4 bxc4 28. Bxc4 Bxc4 29. Rxa3 Rxf4 30. Rf3 Rxf3 31. gxf3 Kg8 32. Kf2 Kf7 33. Rxe2 Bxe2 34. Kxe2 Ke6 35. Ke3 Kd7 36. h4 g6 37. f4 h6 38. Kf3 a6 39. a3 Kd6 40. Ke4 Ke6 41. d5+ Kd6 42. Kd4 Kd7 43. Ke5 Ke7 44. d6+ Kd7 45. Kd5 1-0

[Event "Porlamar"]
[Site "Porlamar"]
[Date "2016.12.10"]
[Round "4"]
[White "Marichal Gonzalez, Ariel"]
[Black "Quesada Vera, Liordis"]
[Result "1/2-1/2"]
[WhiteElo "2339"]
[BlackElo "2427"]
[PlyCount "21"]
[EventDate "2016.12.08"]
[EventType "tourn"]
[EventRounds "9"]
[EventCountry "VEN"]
[EventCategory "1"]
[SourceTitle "CBM 176 Extra"]
[Source "ChessBase"]
[SourceDate "2017.03.02"]
[SourceVersion "1"]
[SourceVersionDate "2017.03.02"]
[SourceQuality "1"]

1. d4 d5 2. c4 dxc4 3. e4 Nf6 4. e5 Nd5 5. Bxc4 e6 6. Nc3 Nb6 7. Bd3 Nc6 8. Nf3 Nb4 9. Be4 c5 10. 0-0 a6 11. Bg5 1/2-1/2

[Event "Porlamar Virgen del Valle"]
[Site "Porlamar"]
[Date "2016.09.25"]
[Round "9.2"]
[White "Uzcategui Rodriguez, Alejandro"]
[Black "Marichal Gonzalez, Ariel"]
[Result "1/2-1/2"]
[WhiteElo "2238"]
[BlackElo "2304"]
[PlyCount "22"]
[EventDate "2016.09.21"]
[EventType "tourn"]
[EventRounds "9"]
[EventCountry "VEN"]
[SourceTitle "EXT 2018"]
[Source "ChessBase"]
[SourceDate "2017.10.13"]
[SourceVersion "1"]
[SourceVersionDate "2017.10.13"]
[SourceQuality "1"]

1. e4 c5 2. Nf3 Nc6 3. d4 cxd4 4. Nxd4 e5 5. Nb5 d6 6. N1c3 a6 7. Na3 Nf6 8. Bg5 b5 9. Nd5 Qa5+ 10. Bd2 Qd8 11. Bg5 Qa5+ 1/2-1/2

[Event "Porlamar Virgen del Valle"]
[Site "Porlamar"]
[Date "2016.09.24"]
[Round "6.5"]
[White "Sucher, Johannes"]
[Black "Marichal Gonzalez, Ariel"]
[Result "0-1"]
[WhiteElo "2122"]
[BlackElo "2304"]
[PlyCount "52"]
[EventDate "2016.09.21"]
[EventType "tourn"]
[EventRounds "9"]
[EventCountry "VEN"]
[SourceTitle "EXT 2018"]
[Source "ChessBase"]
[SourceDate "2017.10.13"]
[SourceVersion "1"]
[SourceVersionDate "2017.10.13"]
[SourceQuality "1"]

1. d4 Nf6 2. Bg5 c5 3. Nc3 cxd4 4. Qxd4 Nc6 5. Qh4 d6 6. e4 e6 7. 0-0-0 Be7 8. Bb5 Qc7 9. f4 Bd7 10. Nf3 a6 11. e5 dxe5 12. Ba4 b5 13. Bb3 exf4 14. Bxf4 Qa7 15. Qg5 0-0 16. Ne5 Nxe5 17. Bxe5 Bc6 18. Rhf1 h6 19. Qg3 Kh8 20. Rd4 Nh5 21. Qg4 f6 22. Bd6 e5 23. Bxe7 Qxe7 24. Re1 Qc5 25. Rd3 Qf2 26. Re2 Qf4+ 0-1

[Event "Porlamar Virgen del Valle"]
[Site "Porlamar"]
[Date "2016.09.23"]
[Round "4.4"]
[White "Guerrero Vargas, Andres Jesus"]
[Black "Marichal Gonzalez, Ariel"]
[Result "1/2-1/2"]
[WhiteElo "2313"]
[BlackElo "2304"]
[PlyCount "28"]
[EventDate "2016.09.21"]
[EventType "tourn"]
[EventRounds "9"]
[EventCountry "VEN"]
[SourceTitle "EXT 2018"]
[Source "ChessBase"]
[SourceDate "2017.10.13"]
[SourceVersion "1"]
[SourceVersionDate "2017.10.13"]
[SourceQuality "1"]

1. e4 c5 2. Nf3 Nc6 3. Bb5 e6 4. Bxc6 bxc6 5. b3 Ne7 6. Bb2 Ng6 7. h4 h5 8. e5 f6 9. d3 fxe5 10. Nxe5 Nxe5 11. Bxe5 d6 12. Bb2 e5 13. Qf3 Qc7 14. Qg3 Bg4 1/2-1/2

[Event "Porlamar Virgen del Valle"]
[Site "Porlamar"]
[Date "2016.09.22"]
[Round "3.3"]
[White "Marichal Gonzalez, Ariel"]
[Black "Davila, Carlos"]
[Result "1-0"]
[WhiteElo "2304"]
[BlackElo "2269"]
[PlyCount "64"]
[EventDate "2016.09.21"]
[EventType "tourn"]
[EventRounds "9"]
[EventCountry "VEN"]
[SourceTitle "EXT 2018"]
[Source "ChessBase"]
[SourceDate "2017.10.13"]
[SourceVersion "1"]
[SourceVersionDate "2017.10.13"]
[SourceQuality "1"]

1. d4 Nf6 2. c4 e6 3. Nc3 Bb4 4. e3 0-0 5. Bd3 c5 6. Nf3 d5 7. 0-0 dxc4 8. Bxc4 Nbd7 9. a3 Bxc3 10. bxc3 b6 11. a4 Bb7 12. Ba3 Qc7 13. h3 Rfd8 14. Qe2 a6 15. Bd3 Qc6 16. c4 Ne4 17. Qc2 Ng5 18. Be2 cxd4 19. exd4 Nf6 20. Rfd1 Rac8 21. Rac1 h6 22. Be7 Rd7 23. Bxf6 gxf6 24. d5 Qc7 25. Nxg5 hxg5 26. dxe6 fxe6 27. Qg6+ Rg7 28. Qxf6 Qe7 29. Qxe7 Rxe7 30. Rb1 Bc6 31. Rxb6 Bxa4 32. Ra1 Bb5 1-0

[Event "Porlamar Virgen del Valle"]
[Site "Porlamar"]
[Date "2016.09.21"]
[Round "1.4"]
[White "Marichal Gonzalez, Ariel"]
[Black "Palomo, Franklin Annervys"]
[Result "1-0"]
[WhiteElo "2304"]
[BlackElo "2281"]
[PlyCount "53"]
[EventDate "2016.09.21"]
[EventType "tourn"]
[EventRounds "9"]
[EventCountry "VEN"]
[SourceTitle "EXT 2018"]
[Source "ChessBase"]
[SourceDate "2017.10.13"]
[SourceVersion "1"]
[SourceVersionDate "2017.10.13"]
[SourceQuality "1"]

1. d4 Nf6 2. c4 e6 3. Nc3 Bb4 4. e3 0-0 5. Bd3 Re8 6. Nf3 d6 7. 0-0 Nbd7 8. Qc2 c6 9. a3 Ba5 10. b4 Bc7 11. Bb2 Qe7 12. e4 a6 13. c5 e5 14. dxe5 Nxe5 15. Nxe5 dxe5 16. Ne2 Nh5 17. Bc4 Qh4 18. Rad1 g5 19. Qb3 Re7 20. Ng3 Nf4 21. Rd2 b5 22. cxb6 Bxb6 23. Rd6 Qg4 24. h3 Qh4 25. Rxc6 Ba7 26. Rxc8+ Rxc8 27. Nf5 1-0

[Event "Porlamar Caraballo Moya Memorial"]
[Site "Porlamar"]
[Date "2016.01.30"]
[Round "7.1"]
[White "Marichal Gonzalez, Ariel"]
[Black "Palencia Morales, Wilson Guillermo"]
[Result "1/2-1/2"]
[WhiteElo "2280"]
[BlackElo "2297"]
[PlyCount "69"]
[EventDate "2016.01.27"]
[EventType "tourn"]
[EventRounds "10"]
[EventCountry "VEN"]
[EventCategory "3"]
[SourceTitle "EXT 2018"]
[Source "ChessBase"]
[SourceDate "2017.10.13"]
[SourceVersion "1"]
[SourceVersionDate "2017.10.13"]
[SourceQuality "1"]

1. d4 d6 2. Nf3 f5 3. Nc3 Nf6 4. g3 e6 5. Bg2 Be7 6. 0-0 0-0 7. Qd3 d5 8. Bf4 c6 9. e3 Ne4 10. Ne2 Nd7 11. Ne5 g5 12. Nxd7 Bxd7 13. Be5 Be8 14. f3 Nd6 15. Bxd6 Qxd6 16. f4 Bh5 17. Qd2 Bxe2 18. Qxe2 g4 19. h3 gxh3 20. Bxh3 Kh8 21. Kf2 Rf6 22. Rh1 Rg8 23. g4 fxg4 24. Bxg4 e5 25. dxe5 Qxe5 26. Rh5 Rxf4+ 27. exf4 Qxf4+ 28. Qf3 Bc5+ 29. Ke2 Qc4+ 30. Kd2 Qd4+ 31. Kc1 Qg1+ 32. Kd2 Qd4+ 33. Kc1 Qg1+ 34. Kd2 Qd4+ 35. Kc1 1/2-1/2

[Event "Porlamar Caraballo Moya Memorial"]
[Site "Porlamar"]
[Date "2016.01.29"]
[Round "5.2"]
[White "Marichal Gonzalez, Ariel"]
[Black "Perelman, Hernan"]
[Result "1/2-1/2"]
[WhiteElo "2280"]
[BlackElo "2335"]
[PlyCount "44"]
[EventDate "2016.01.27"]
[EventType "tourn"]
[EventRounds "10"]
[EventCountry "VEN"]
[EventCategory "3"]
[SourceTitle "EXT 2018"]
[Source "ChessBase"]
[SourceDate "2017.10.13"]
[SourceVersion "1"]
[SourceVersionDate "2017.10.13"]
[SourceQuality "1"]

1. d4 Nf6 2. c4 e6 3. Nc3 d5 4. Nf3 Nbd7 5. e3 Be7 6. Bd3 dxc4 7. Bxc4 c5 8. 0-0 0-0 9. Bb3 cxd4 10. exd4 Nb6 11. Re1 Bd7 12. Ne5 Bc6 13. Nxc6 bxc6 14. Bf4 Nfd5 15. Be5 Nd7 16. Bg3 Bb4 17. Qd3 a5 18. Bc2 g6 19. a3 Be7 20. Ba4 Rb8 21. Rac1 N7b6 22. Bb3 Nxc3 1/2-1/2

[Event "Porlamar Caraballo Moya Memorial"]
[Site "Porlamar"]
[Date "2016.01.27"]
[Round "1.3"]
[White "Gascon del Nogal, Jose Rafael"]
[Black "Marichal Gonzalez, Ariel"]
[Result "1-0"]
[WhiteElo "2457"]
[BlackElo "2280"]
[PlyCount "57"]
[EventDate "2016.01.27"]
[EventType "tourn"]
[EventRounds "10"]
[EventCountry "VEN"]
[EventCategory "3"]
[SourceTitle "EXT 2018"]
[Source "ChessBase"]
[SourceDate "2017.10.13"]
[SourceVersion "1"]
[SourceVersionDate "2017.10.13"]
[SourceQuality "1"]

1. e4 c5 2. Nf3 Nc6 3. d4 cxd4 4. Nxd4 Nf6 5. Nc3 e5 6. Ndb5 d6 7. Bg5 a6 8. Na3 b5 9. Nd5 Be7 10. Bxf6 Bxf6 11. c3 Bg5 12. Nc2 Ne7 13. Ncb4 0-0 14. a4 bxa4 15. Qxa4 Nxd5 16. Nxd5 Bd7 17. Qc2 a5 18. Bc4 Qb8 19. 0-0 Rc8 20. Qd3 a4 21. b4 Bc6 22. Qg3 Bd8 23. f4 Bd7 24. Ba2 Be6 25. f5 Bxd5 26. Bxd5 Ra7 27. f6 g6 28. Ra3 h6 29. Qxg6+ 1-0

[Event "Cumana Feria de Santa Ines"]
[Site "Cumana"]
[Date "2016.01.24"]
[Round "9"]
[White "Bobadilla Viera, Jorge Samuel"]
[Black "Marichal Gonzalez, Ariel"]
[Result "1-0"]
[WhiteElo "2094"]
[BlackElo "2319"]
[PlyCount "93"]
[EventDate "2016.01.20"]
[EventType "tourn"]
[EventRounds "10"]
[EventCountry "VEN"]
[EventCategory "1"]
[SourceTitle "CBM 170 Extra"]
[Source "ChessBase"]
[SourceDate "2016.02.25"]
[SourceVersion "1"]
[SourceVersionDate "2016.02.25"]
[SourceQuality "1"]

1. d4 Nf6 2. c4 g6 3. Nc3 Bg7 4. e4 d6 5. Nf3 0-0 6. Be2 e5 7. dxe5 dxe5 8. Qxd8 Rxd8 9. Bg5 Re8 10. Nd5 Nxd5 11. cxd5 c6 12. Bc4 b5 13. Bb3 Bb7 14. Rc1 Rc8 15. 0-0 Nd7 16. Rfd1 c5 17. Bc2 f6 18. Be3 Bf8 19. b3 Bd6 20. Bd3 Ba6 21. Nd2 Rab8 22. a4 Rb6 23. axb5 Bxb5 24. Nc4 Bxc4 25. Bxc4 Kf7 26. Ra1 Bb8 27. Ra5 f5 28. f3 Kf6 29. Bb5 Ke7 30. b4 cxb4 31. Bxd7 Kxd7 32. Bxb6 axb6 33. Ra8 Bd6 34. Rxc8 Kxc8 35. Kf1 Bc5 36. Ke2 Bd4 37. Rb1 Bc3 38. exf5 gxf5 39. g4 fxg4 40. fxg4 Kd7 41. Kd3 Kd6 42. Ke4 Bd2 43. h4 b5 44. g5 Kc5 45. d6 b3 46. d7 Ba5 47. h5 1-0

[Event "Cumana Feria de Santa Ines"]
[Site "Cumana"]
[Date "2016.01.21"]
[Round "4"]
[White "Marichal Gonzalez, Ariel"]
[Black "Bobadilla Viera, Jorge Samuel"]
[Result "1-0"]
[WhiteElo "2319"]
[BlackElo "2094"]
[PlyCount "61"]
[EventDate "2016.01.20"]
[EventType "tourn"]
[EventRounds "10"]
[EventCountry "VEN"]
[EventCategory "1"]
[SourceTitle "CBM 170 Extra"]
[Source "ChessBase"]
[SourceDate "2016.02.25"]
[SourceVersion "1"]
[SourceVersionDate "2016.02.25"]
[SourceQuality "1"]

1. d4 Nf6 2. c4 e6 3. Nc3 Bb4 4. Nf3 c5 5. g3 0-0 6. Bg2 d5 7. cxd5 Nxd5 8. Bd2 Nc6 9. 0-0 cxd4 10. Nxd5 Bxd2 11. Nxd2 exd5 12. Nb3 Qb6 13. Qd2 Bg4 14. h3 Bh5 15. Rad1 Rfe8 16. Rfe1 d3 17. Qxd3 Nb4 18. Qd2 Nxa2 19. Qxd5 Bxe2 20. Ra1 Nb4 21. Qxb7 Qxb7 22. Bxb7 Rab8 23. Rxa7 Nd3 24. Rea1 Nxb2 25. Nd4 Rbd8 26. Bc6 Bd3 27. Bxe8 Rxe8 28. Ra8 Kf8 29. Nc6 Be4 30. Rxe8+ Kxe8 31. Re1 1-0

[Event "Cumana Feria de Santa Ines"]
[Site "Cumana"]
[Date "2016.01.21"]
[Round "3"]
[White "Palencia Morales, Wilson Guillermo"]
[Black "Marichal Gonzalez, Ariel"]
[Result "1/2-1/2"]
[WhiteElo "2266"]
[BlackElo "2319"]
[PlyCount "96"]
[EventDate "2016.01.20"]
[EventType "tourn"]
[EventRounds "10"]
[EventCountry "VEN"]
[EventCategory "1"]
[SourceTitle "CBM 170 Extra"]
[Source "ChessBase"]
[SourceDate "2016.02.25"]
[SourceVersion "1"]
[SourceVersionDate "2016.02.25"]
[SourceQuality "1"]

1. d4 Nf6 2. Nf3 g6 3. Nc3 d5 4. Bg5 Bg7 5. Bxf6 exf6 6. h4 0-0 7. e3 Re8 8. Ne2 f5 9. Nf4 c5 10. c3 cxd4 11. Nxd4 Nc6 12. Be2 Be6 13. g3 Be5 14. Nd3 Bd6 15. Kf1 Nxd4 16. cxd4 Rc8 17. Kg2 Re7 18. Qb3 Rec7 19. Bf3 Be7 20. Rac1 b6 21. Rxc7 Rxc7 22. Nf4 Rc4 23. a3 Bf8 24. Qb5 Bh6 25. Bxd5 Bxd5+ 26. Qxd5 Qc7 27. Qa8+ Kg7 28. Nd5 Qd7 29. Nc3 b5 30. Rd1 f4 31. Qf3 fxe3 32. fxe3 a5 33. Rd2 b4 34. axb4 axb4 35. Nd5 Qe6 36. g4 Kg8 37. Nf6+ Kh8 38. g5 Bf8 39. e4 Qc8 40. Kg3 Rc2 41. Rxc2 Qxc2 42. Nd7 Qxb2 43. Qf6+ Kg8 44. Nxf8 Qc3+ 45. Kf4 Kxf8 46. Qd8+ Kg7 47. Qf6+ Kf8 48. Qd8+ Kg7 1/2-1/2

[Event "Porlamar Hernandez Leon Memorial"]
[Site "Porlamar"]
[Date "2015.12.12"]
[Round "5"]
[White "Marichal Gonzalez, Ariel"]
[Black "Bobadilla Viera, Jorge Samuel"]
[Result "1-0"]
[WhiteElo "2319"]
[BlackElo "2094"]
[PlyCount "48"]
[EventDate "2015.12.10"]
[EventType "tourn"]
[EventRounds "10"]
[EventCountry "VEN"]
[EventCategory "1"]
[SourceTitle "CBM 170 Extra"]
[Source "ChessBase"]
[SourceDate "2016.02.25"]
[SourceVersion "1"]
[SourceVersionDate "2016.02.25"]
[SourceQuality "1"]

1. d4 Nf6 2. c4 e6 3. Nc3 Bb4 4. e3 c5 5. Nge2 cxd4 6. exd4 d5 7. a3 Be7 8. Nf4 dxc4 9. Bxc4 0-0 10. 0-0 Nc6 11. d5 exd5 12. Nfxd5 Nxd5 13. Nxd5 Bd6 14. Qh5 Ne5 15. Bg5 Qd7 16. Ba2 Qg4 17. Qxg4 Bxg4 18. Ne3 Rae8 19. Nxg4 Nxg4 20. h3 Nf6 21. Be3 Be5 22. Bc5 Bxb2 23. Rab1 Re2 24. Bxf8 Kxf8 1-0

[Event "Paramaribo Srefidensi 3rd"]
[Site "Paramaribo"]
[Date "2015.11.24"]
[Round "8"]
[White "Marichal Gonzalez, Ariel"]
[Black "Vilela de Acuna, Jose Luis"]
[Result "1/2-1/2"]
[WhiteElo "2382"]
[BlackElo "2343"]
[PlyCount "98"]
[EventDate "2015.11.20"]
[EventType "swiss"]
[EventRounds "9"]
[EventCountry "SUR"]
[SourceTitle "CBM 169 Extra"]
[Source "ChessBase"]
[SourceDate "2015.12.18"]
[SourceVersion "1"]
[SourceVersionDate "2015.12.18"]
[SourceQuality "1"]

1. d4 Nf6 2. c4 e6 3. Nc3 Bb4 4. e3 0-0 5. Nge2 Re8 6. a3 Bf8 7. Nf4 d6 8. Be2 c6 9. 0-0 e5 10. Nd3 exd4 11. exd4 Bf5 12. Bf3 Nbd7 13. b4 Ne4 14. Bb2 Nxc3 15. Bxc3 Nf6 16. d5 Ne4 17. Bxe4 Rxe4 18. dxc6 bxc6 19. Nb2 Qg5 20. f3 Re6 21. Qd2 Qg6 22. Rfe1 Rae8 23. Rxe6 Rxe6 24. Re1 h5 25. Qf2 Rxe1+ 26. Qxe1 Be6 27. a4 Qc2 28. Qd2 Qxd2 29. Bxd2 Be7 30. Bc3 Bg5 31. Kf2 Bc1 32. b5 Bxb2 33. Bxb2 c5 34. a5 Bxc4 35. b6 axb6 36. axb6 Ba6 37. Ke3 f6 38. g4 h4 39. f4 Kf7 40. f5 h3 41. Kf4 Bb7 42. Kg3 Bg2 43. Kf4 Ke7 44. g5 Kf7 45. gxf6 gxf6 46. Bc3 Bb7 47. Bb2 Bc6 48. Kg3 Bg2 49. Kf4 Ke7 1/2-1/2

[Event "Paramaribo Srefidensi 3rd"]
[Site "Paramaribo"]
[Date "2015.11.24"]
[Round "7"]
[White "Szabo, Gergely Andras"]
[Black "Marichal Gonzalez, Ariel"]
[Result "1-0"]
[WhiteElo "2562"]
[BlackElo "2382"]
[PlyCount "95"]
[EventDate "2015.11.20"]
[EventType "swiss"]
[EventRounds "9"]
[EventCountry "SUR"]
[SourceTitle "CBM 169 Extra"]
[Source "ChessBase"]
[SourceDate "2015.12.18"]
[SourceVersion "1"]
[SourceVersionDate "2015.12.18"]
[SourceQuality "1"]

1. d4 Nf6 2. Nf3 g6 3. c4 Bg7 4. Nc3 0-0 5. e4 d6 6. h3 Na6 7. Bg5 c6 8. Be2 Nc7 9. d5 Na6 10. 0-0 Nc5 11. Nd2 cxd5 12. cxd5 a5 13. Be3 Nfd7 14. Rb1 b6 15. Nb5 Nf6 16. Nc3 Bb7 17. a4 Nfd7 18. Bb5 Ba6 19. Bxa6 Nxa6 20. Qe2 Ndc5 21. Nc4 Rb8 22. Rfc1 Qd7 23. Bxc5 Nxc5 24. b3 Bxc3 25. Rxc3 b5 26. Nxa5 bxa4 27. b4 Qb5 28. Qc2 Rb6 29. Nc4 Nb3 30. Nxb6 Qxb6 31. Rcxb3 axb3 32. Rxb3 Ra8 33. b5 Ra5 34. Qe2 f6 35. Qe3 Ra1+ 36. Kh2 Qxe3 37. fxe3 Ra8 38. b6 Rb8 39. Kg3 Kf7 40. Kf3 Ke8 41. Ke2 Kd7 42. Kd3 Rc8 43. Rc3 Ra8 44. Rc7+ Kd8 45. Rc6 Kd7 46. Kc4 Ra3 47. b7 Ra4+ 48. Kb3 1-0